A 7. osztályosok matematika év végi teljesítményei Komárom-Esztergom megyei reprezentatív mérés alapján a NAT követelményei tükrében

Elmentve itt :
Bibliográfiai részletek
Szerző: Patakiné Szántó Zsuzsanna
További közreműködők: nincs megadva (Témavezető)
Dokumentumtípus: Szakdolgozat
Megjelent: 2000
Tárgyszavak:
Online Access:http://diploma.bibl.u-szeged.hu/56039
LEADER 00684nta a2200157 i 4500
001 dipl56039
005 20160518145503.0
008 160324s2000 hu om 0|| hun d
040 |a SZTE Diploma Repozitórium  |b hun 
041 |a hun 
100 2 |a Patakiné Szántó Zsuzsanna 
245 1 2 |a A 7. osztályosok matematika év végi teljesítményei Komárom-Esztergom megyei reprezentatív mérés alapján a NAT követelményei tükrében  |h [elektronikus dokumentum] /  |c Zsuzsanna Patakiné Szántó 
260 |c 2000 
650 4 |a Bölcsészettudományok 
700 1 |a nincs megadva  |e ths 
856 4 0 |u http://diploma.bibl.u-szeged.hu/id/eprint/56039/1/2000_patakine_szanto_zsuzsanna.pdf  |z Dokumentum-elérés